00479nam a2200169Ia 450000500170000000800460001702000180006303700120008104000210009304100130011408400230012710000190015024500600016926000500022930000120027965000180029120250508162153.0008 250505s9999 xx 000 0 eng d a0-07-047583-0 aTextual aFEDL bengcFEDL aeng2eng a001.422, NUNqFEDL aNunnally Jum C 0aIntroduction to statistics for psychology and education aNew York, USAbMcGraw Hill Book Companyc1975 ax,342p. aPsychometrics